Traveling to Next Country Alphabetically - Click Quiz - Statistics

General Stats
  • This quiz has been taken 294 times
    199 since last reset
  • The average score is 12 of 151
Answer Stats
Hint Explanation Answer % Correct
Afghanistan-Albania AF-IR-TR-GR-AL 4
41%
Algeria-Andorra DZ-MA-ES-AD 3
37%
Albania-Algeria AL-GR-TR-SY-IL-EG-LY-DZ 7
35%
Belarus-Belgium BY-PL-DE-BE 3
20%
Azerbaijan-Bangladesh AZ-IR-PK-IN-BD 4
16%
Armenia-Austria AM-TR-BG-RO-HU-AT 5
16%
Bangladesh-Belarus BD-IN-CN-RU-BY 4
15%
Iran-Iraq IR-IQ 1
12%
Benin-Bhutan BJ-NE-LY-EG-IL-JO-IQ-IR-PK-IN-BT 10
12%
Austria-Azerbaijan AT-SK-UA-RU-AZ 4
12%
Central African Republic-Chad CF-TD 1
11%
Niger-Nigeria NE-NG 1
11%
Zambia-Zimbabwe ZM-ZW 1
11%
Burkina Faso-Burundi BF-NE-TD-CF-CD-BU 5
11%
Bhutan-Bolivia BT-CN-RU-PL-DE-FR-BR-BO 7
11%
Andorra-Angola AD-ES-MA-DZ-NE-TD-CF-CD-AO 8
11%
Belgium-Belize BE-FR-BR-CO-PA-CR-NI-HN-GT-BZ 9
11%
Mali-Mauritania ML-MR 1
10%
Angola-Argentina AO-CD-CF-TD-NE-DZ-MA-ES-FR-BR-AR 10
10%
Colombia-Costa Rica CO-PA-CR 2
10%
Iraq-Israel IQ-JO-IL 2
10%
Georgia-Germany GE-RU-PL-DE 3
10%
Guinea-Guinea-Bissau GN-GW 1
9%
Botswana-Brazil BW-ZM-CD-CF-TD-NE-DZ-MA-ES-FR-BR 10
9%
Egypt-El Salvador EG-LY-DZ-MA-ES-FR-BR-CO-PA-CR-NI-HN-SV 12
9%
Belize-Benin BZ-GT-HN-NI-CR-PA-CO-BR-FR-ES-MA-DZ-NE-BJ 13
9%
Croatia-Czech Republic HR-SI-AT-CZ 3
9%
Laos-Latvia LA-CN-RU-LV 3
9%
Lithuania-Luxembourg LT-PL-DE-LU 3
9%
India-Indonesia IN-MM-TH-MY-ID 4
9%
Poland-Portugal PL-DE-FR-ES-PT 4
9%
Monaco-Mongolia MC-FR-DE-PL-RU-MN 5
9%
Bolivia-Bosnia and Herzegovina BO-BR-FR-IT-SI-HR-BA 6
9%
Gabon-Gambia GA-CM-NG-NE-ML-SN-GM 6
9%
Libya-Liechtenstein LY-DZ-MA-ES-FR-CH-LI 6
9%
Argentina-Armenia AR-BR-FR-DE-PL-RU-GE-AM 7
9%
Bulgaria-Burkina Faso BG-TR-SY-IL-EG-LY-NE-BF 7
9%
Chile-China CL-BO-BR-FR-DE-PL-RU-CN 7
9%
Costa Rica-Croatia CR-PA-CO-BR-FR-IT-SI-HR 7
9%
Israel-Italy IL-SY-TR-BG-RS-HR-SI-IT 7
9%
Morocco-Mozambique MA-DZ-NE-TD-CF-CD-ZM-MZ 7
9%
Uruguay-Uzbekistan UY-BR-FR-DE-PL-RU-KZ-UZ 7
9%
Brunei-Bulgaria BN-MY-TH-MM-CN-AF-IR-TR-BG 8
9%
Chad-Chile TD-NE-DZ-MA-ES-FR-BR-AR-CL 8
9%
Brazil-Brunei BR-FR-DE-PL-RU-CN-LA-TH-MY-BN 9
9%
Kyrgyzstan-Laos KG-CN-LA 2
8%
Paraguay-Peru PY-BO-PE 2
8%
Romania-Russia RO-UA-RU 2
8%
Eswatini-Ethiopia SZ-MZ-TZ-KE-ET 4
8%
Oman-Pakistan OM-SA-IQ-IR-PK 4
8%
Moldova-Monaco MD-UA-PL-DE-FR-MC 5
8%
North Macedonia-Norway MK-RS-RO-UA-RU-NO 5
8%
China-Colombia CN-RU-PL-DE-FR-BR-CO 6
8%
Guyana-Honduras GY-VE-CO-PA-CR-NI-HN 6
8%
Indonesia-Iran ID-MY-TH-MM-IN-PK-IR 6
8%
Italy-Ivory Coast IT-FR-ES-MA-MR-ML-CI 6
8%
Norway-Oman NO-RU-GE-TR-IQ-SA-OM 6
8%
Germany-Ghana DE-FR-ES-MA-MR-ML-CI-GH 7
8%
Guinea-Bissau-Guyana GW-SN-MR-MA-ES-FR-SR-GY 7
8%
Saudi Arabia-Senegal SA-JO-IL-EG-LY-DZ-ML-SN 7
8%
Ghana-Greece GH-BF-NE-LY-EG-IL-SY-TR-GR 8
8%
Cambodia-Cameroon KH-LA-CN-AF-IR-IQ-JO-IL-EG-SD-TD-CM 11
7%
Mauritania-Mexico MR-MA-ES-FR-BR-CO-PA-CR-NI-HN-GT-MX 11
7%
Burundi-Cambodia BU-CD-SS-SD-EG-IL-JO-IQ-IR-AF-CN-VN-KH 12
7%
Myanmar-Namibia MM-IN-PK-IR-IQ-JO-IL-EG-SD-SS-CD-AO-NA 12
7%
Finland-France FI-RU-PL-DE-FR 4
7%
Liberia-Libya LR-GN-ML-DZ-LY 4
7%
Liechtenstein-Lithuania LI-AT-CZ-PL-LT 4
7%
Togo-Tunisia TG-BF-ML-DZ-TN 4
7%
Vatican City-Venezuela VA-IT-FR-BR-VE 4
7%
Latvia-Lebanon LV-RU-GE-TR-SY-LB 5
7%
Mongolia-Montenegro MN-RU-UA-RO-RS-ME 5
7%
Nepal-Netherlands NP-CN-RU-PL-DE-NL 5
7%
North Korea-North Macedonia KP-RU-UA-RO-BG-MK 5
7%
Sudan-Suriname SD-LY-DZ-MA-ES-FR-SR 6
7%
Suriname-Sweden SR-FR-DE-PL-RU-FI-SE 6
7%
Switzerland-Syria CH-AT-HU-RO-BG-TR-SY 6
7%
Vietnam-Yemen VN-CN-AF-IR-IQ-SA-YE 6
7%
France-Gabon FR-ES-MA-DZ-NE-NG-CM-GA 7
7%
Netherlands-Nicaragua NL-BE-FR-BR-CO-PA-CR-NI 7
7%
Venezuela-Vietnam VE-BR-FR-DE-PL-RU-CN-VN 7
7%
Russia-Rwanda RU-GE-TR-SY-IL-EG-SD-SS-CD-RW 9
7%
Greece-Guatemala GR-MK-RS-HU-SI-IT-FR-BR-CO-PA-CR-NI-HN-GT 13
6%
Canada-Central African Republic CA-US-MX-GT-HN-NI-CR-PA-CO-BR-FR-ES-MA-DZ-NE-TD-CF 16
6%
Slovakia-Slovenia SK-AT-SI 2
6%
Equatorial Guinea-Eritrea GQ-CM-TD-SD-ER 4
6%
Peru-Poland PE-BR-FR-DE-PL 4
6%
Somalia-South Africa SO-KE-TZ-MZ-ZA 4
6%
Spain-Sudan ES-MA-DZ-LY-SD 4
6%
Kosovo-Kuwait XK-RS-BG-TR-IQ-KW 5
6%
Kuwait-Kyrgyzstan KW-IQ-IR-TM-UZ-KG 5
6%
Sweden-Switzerland SE-FI-RU-PL-DE-CH 5
6%
Ukraine-United Arab Emirates UA-RO-BG-TR-IQ-SA-AE 6
6%
Qatar-Republic of the Congo QA-SA-JO-IL-EG-SD-CF-CG 7
6%
Uzbekistan-Vatican City UZ-KZ-RU-PL-CZ-AT-IT-VA 7
6%
Ecuador-Egypt EC-PE-BR-FR-ES-MA-DZ-LY-EG 8
6%
Ethiopia-Finland ET-SD-EG-IL-SY-TR-GE-RU-FI 8
6%
D. R. Congo-Denmark CD-CF-TD-NE-DZ-MA-ES-FR-DE-DK 9
6%
Gambia-Georgia GM-SN-ML-NE-LY-EG-IL-SY-TR-GE 9
6%
Nigeria-North Korea NG-NE-LY-EG-IL-SY-TR-GE-RU-KP 9
6%
Luxembourg-Malawi LU-FR-ES-MA-DZ-NE-TD-CF-CD-ZM-MW 10
5%
Serbia-Sierra Leone RS-BG-TR-SY-IL-EG-LY-NE-ML-GN-SL 10
5%
Slovenia-Somalia SI-IT-FR-ES-MA-DZ-NE-TD-SD-ET-SO 10
5%
Tajikistan-Tanzania TJ-AF-IR-IQ-JO-IL-EG-SD-SS-UG-TZ 10
5%
Papua New Guinea-Paraguay PG-ID-MY-TH-MM-CN-RU-PL-DE-FR-BR-PY 11
5%
East Timor-Ecuador TL-ID-MY-TH-MM-CN-RU-PL-DE-FR-BR-PE-EC 12
5%
Guatemala-Guinea GT-HN-NI-CR-PA-CO-BR-FR-ES-MA-MR-SN-GN 12
5%
Malaysia-Mali MY-TH-MM-IN-PK-IR-IQ-JO-IL-EG-LY-DZ-ML 12
5%
Mexico-Moldova MX-GT-HN-NI-CR-PA-CO-BR-FR-DE-PL-UA-MD 12
5%
Mozambique-Myanmar MZ-TZ-KE-ET-SD-EG-IL-JO-IQ-IR-PK-IN-MM 12
5%
Namibia-Nepal NA-AO-CD-SS-SD-EG-IL-JO-IQ-IR-PK-IN-NP 12
5%
Panama-Papua New Guinea PA-CO-BR-FR-DE-PL-RU-CN-LA-TH-MY-ID-PG 12
5%
Tanzania-Thailand TZ-KE-ET-SD-EG-IL-JO-IQ-IR-PK-IN-MM-TH 12
5%
Thailand-Togo TH-MM-IN-PK-IR-IQ-JO-IL-EG-LY-NE-BJ-TG 12
5%
Djibouti-East Timor DJ-ER-SD-EG-IL-JO-IQ-IR-AF-CN-LA-TH-MY-ID-TL 14
5%
El Salvador-Equatorial Guinea SV-HN-NI-CR-PA-CO-BR-FR-ES-MA-DZ-NE-NG-CM-GQ 14
5%
Malawi-Malaysia MW-TZ-KE-ET-SD-EG-IL-JO-IQ-IR-PK-IN-MM-TH-MY 14
5%
Cameroon-Canada CM-NG-NE-DZ-MA-ES-FR-BR-CO-PA-CR-NI-HN-GT-MX-US-CA 16
5%
United Arab Emirates-USA AE-SA-IQ-TR-GE-RU-PL-DE-FR-BR-CO-PA-CR-NI-HN-GT-MX-US 17
5%
Turkey-Turkmenistan TR-IR-TM 2
5%
Hungary-India HU-UA-RU-CN-IN 4
5%
Jordan-Kazakhstan JO-IQ-IR-TM-KZ 4
5%
Syria-Tajikistan SY-IQ-IR-AF-TJ 4
5%
South Sudan-Spain SS-SD-LY-DZ-MA-ES 5
5%
Tunisia-Turkey TN-LY-EG-IL-SY-TR 5
5%
Ivory Coast-Jordan CI-BF-NE-LY-EG-IL-JO 6
5%
Montenegro-Morocco ME-HR-SI-IT-FR-ES-MA 6
5%
San Marino-Saudi Arabia SM-IT-SI-HR-RS-BG-TR-IQ-SA 8
5%
Senegal-Serbia SN-MR-MA-ES-FR-IT-SI-HR-RS 8
5%
Yemen-Zambia YE-SA-JO-IL-EG-SD-SS-CD-ZM 8
5%
Czech Republic-D. R. Congo CZ-DE-FR-ES-MA-DZ-NE-TD-CF-CD 9
5%
Honduras-Hungary HN-NI-CR-PA-CO-BR-FR-IT-AT-HU 9
5%
Kazakhstan-Kenya KZ-TM-IR-IQ-JO-IL-EG-SD-ET-KE 9
5%
Kenya-Kosovo KE-SS-SD-EG-IL-SY-TR-BG-MK-XK 9
5%
Lebanon-Lesotho LB-IL-EG-SD-SS-CD-ZM-ZW-ZA-LS 9
5%
Nicaragua-Niger NI-CR-PA-CO-BR-FR-ES-MA-DZ-NE 9
5%
Uganda-Ukraine UG-SS-SD-EG-IL-SY-TR-BG-RO-UA 9
5%
United States-Uruguay US-MX-GT-HN-NI-CR-PA-CO-BR-UY 9
5%
Lesotho-Liberia LS-ZA-NA-AO-CG-CM-NG-BJ-BF-CI-LR 10
4%
Bosnia-Botswana BA-RS-BG-TR-SY-IL-EG-SD-SS-CD-ZM-BW 11
4%
South Africa-South Korea ZA-ZW-ZM-CD-SS-SD-EG-IL-SY-TR-GE-RU-KP-KR 13
4%
Eritrea-Estonia ER-SD-EG-IL-SY-TR-GE-RU-EE 8
4%
Republic of the Congo-Romania CG-CF-SD-EG-IL-SY-TR-BG-RO 8
4%
Portugal-Qatar PT-ES-MA-DZ-LY-EG-IL-JO-SA-QA 9
4%
Sierra Leone-Slovakia SL-GN-SN-MR-MA-ES-FR-DE-CZ-SK 9
4%
Rwanda-San Marino RW-CD-CF-TD-NE-DZ-MA-ES-FR-IT-SM 10
3%
Estonia-Eswatini EE-RU-GE-TR-SY-IL-EG-SD-SS-CD-ZM-MZ-SZ 12
3%
Pakistan-Panama PK-CN-RU-PL-DE-FR-BR-CO-PA 8
3%
Turkmenistan-Uganda TM-IR-IQ-JO-IL-EG-SD-SS-UG 8
3%
Denmark-Djibouti DK-DE-FR-ES-MA-DZ-LY-SD-ET-DJ 9
3%
South Korea-South Sudan KR-KP-RU-GE-TR-SY-IL-EG-SD-SS 9
3%
No matching quizzes found
Score Distribution
Percent of People with Each Score
Percentile by Number Answered
Your Score History
You have not taken this quiz since the last reset